00456nam a2200133Ia 4500008004100000041000800041082001800049100003400067245011800101260007300219300001200292365000700304650001100311210719s1992 xx 000 0 und d aeng a581.0724 KULT aKULAKARNI KAVITHA RAMACHANDRA aTissue culture studies of two economically important trees of India Butea Frondosa Koen and Artocarpus Incisus L. aMangalorebLaboratory of applied biology, St. Aloysius Collegec1992 a191bHB cRs aBotany